Clearing, settlement and custody (Record no. 130616)

MARC details
000 -LEADER
fixed length control field 00519nam a2200193Ia 4500
008 - FIXED-LENGTH DATA ELEMENTS--GENERAL INFORMATION
fixed length control field 191130s9999##################000#0#eng##
020 ## - INTERNATIONAL STANDARD BOOK NUMBER
ISBN 9780750654845
082 ## - DEWEY DECIMAL CLASSIFICATION NUMBER
Classification number 332.6457 LOA
100 ## - MAIN ENTRY--AUTHOR NAME
Personal name Loader, David
245 ## - TITLE STATEMENT
Title Clearing, settlement and custody
Statement of responsibility, etc David loader
260 ## - PUBLICATION, DISTRIBUTION, ETC. (IMPRINT)
Place of publication Oxford
Name of publisher Butterworth Heinemann
300 ## - PHYSICAL DESCRIPTION
Number of Pages 235 p.; 23 cm .
500 ## - GENERAL NOTE
General note includes indexes
650 ## - SUBJECT ADDED ENTRY--TOPICAL TERM
Topical Term Economics
991 ## -
-- 169419
Holdings
Withdrawn status Lost status Damaged status Not for loan Home library Current library Shelving location Date acquired Full call number Accession Number Price effective from Koha item type
        Anna Centenary Library Anna Centenary Library 4TH FLOOR, A WING 12.10.2020 332.6457 LOA 292881 12.10.2020 English Books

Find us on the map